Štruktúrne štúdium koordinačných zlúčenín medi s pyridylmetanolmi

Gespeichert in:
Bibliographische Detailangaben
1. Verfasser: Maroszová, Jaroslava, 1980-
Format: Buch
Sprache:Slowakisch
Veröffentlicht: Bratislava STU FCHPT 2009
Online-Zugang:Im OPAC anzeigen
Tags: Tag hinzufügen
Keine Tags, Fügen Sie das erste Tag hinzu!

MARC

LEADER 00000nam a2200000 a 4500
005 20260127134354.0
008 110203 2009 xo 000 0 slo d
035 |a vtls010208691 
039 9 |a 202001281229  |b AUTHORITY  |y 201102031124  |z mschk03 
040 |a STUSCHK1  |b slo  |c STUSCHK1  |e AACR2 
100 1 |a Maroszová, Jaroslava,  |d 1980-  |9 1151 
245 1 |a Štruktúrne štúdium koordinačných zlúčenín medi s pyridylmetanolmi  |c Jaroslava Maroszová 
260 |a Bratislava  |b STU FCHPT  |c 2009 
300 |a 72 s.  |b il.  |c 30 cm + prílohy 
500 |a Dizertačná práca 
500 |a Obháj.: 29.9. 2009 
500 |a Študijný program: Anorganická chémia 
500 |a Študijný odbor: 14-01-9 anorganická chémia 
500 |a Fakultachemickej a potravinárskej technológie, Odd. anorganickej chémie 
910 |a SCHK95 
999 |c 11115  |d 11115